000 00900cam a22001814a 4500
005 20250605164403.0
008 250528s ||||||||||||||||||||||||d
035 _a24668
040 _aGR-AtMCL
_bgre
_dGR-AtMCL
_eAACR2
245 1 _aΠάλη Γενεών για την Επίλυση του Συνταξιοδοτικού
260 _bMorax Media S.A,
_c2019
300 _a88
520 _aΑνεβάζουν Ταχύτητα τα Ασφάλιστρα Αυτοκινήτου, Σε Ιστορικό Υψηλό ο Στόλος των Ασφαλισμένων Οχημάτων, Οι Δυσαρεστημένοι Πελάτες Πίσω από το Disruption, Αποζημειώσεις Δισεκατομμυρίων στα Ελαττωματικά Προϊόντα.
700 1 _aΜωράκης Φίλιππος
_99500
942 _cCR
999 _c9535
_d9535